<?xml version="1.0" encoding="UTF-8"?>
<record
    xmlns:xsi="http://www.w3.org/2001/XMLSchema-instance"
    xsi:schemaLocation="http://www.loc.gov/MARC21/slim http://www.loc.gov/standards/marcxml/schema/MARC21slim.xsd"
    xmlns="http://www.loc.gov/MARC21/slim">

  <leader>01687nam a2200241 a 4500</leader>
  <controlfield tag="001">BRCA_8898</controlfield>
  <controlfield tag="005">20190320210442.0</controlfield>
  <controlfield tag="008">160617s1779----sp-#######---#000-0#spa-#</controlfield>
  <datafield tag="041" ind1=" " ind2=" ">
    <subfield code="a">spa</subfield>
  </datafield>
  <datafield tag="044" ind1=" " ind2=" ">
    <subfield code="a">sp</subfield>
  </datafield>
  <datafield tag="084" ind1=" " ind2=" ">
    <subfield code="a">CO67</subfield>
    <subfield code="b">.M37 1779</subfield>
  </datafield>
  <datafield tag="100" ind1="1" ind2=" ">
    <subfield code="a">Mart&#xED;nez, Manuel Silvestre</subfield>
    <subfield code="9">21602</subfield>
  </datafield>
  <datafield tag="245" ind1="1" ind2="0">
    <subfield code="a">Adicci&#xF3;n a la librer&#xED;a de Jueces, util&#xED;sima y universal, que para todos los desean imponerse en la Jurisprudencia Pr&#xE1;ctica, Derecho Real de Espa&#xF1;a, y Reales Resoluciones m&#xE1;s modernas de rigorosa observancia, y en especial para ABOGADOS, Alcaldes, Corregidores, Intendentes, Prelados, Regulares y Jueces Eclesi&#xE1;sticos, P&#xE1;rrocos, Regladores, Escribanos, Diputados, Sindicos y Personeras</subfield>
    <subfield code="c">escribi&#xF3; en 8 toms el Licenciado D.Manuel Silvestre Mart&#xED;nez...</subfield>
  </datafield>
  <datafield tag="260" ind1=" " ind2=" ">
    <subfield code="a">Madrid</subfield>
    <subfield code="b">En la Imprenta de Ram&#xF3;n Ruiz</subfield>
    <subfield code="c">1779</subfield>
  </datafield>
  <datafield tag="300" ind1=" " ind2=" ">
    <subfield code="a">[2], XVI, 306 p., 2a imp.</subfield>
    <subfield code="c">21.3 x 16 cm</subfield>
  </datafield>
  <datafield tag="500" ind1=" " ind2=" ">
    <subfield code="a">Con licencia</subfield>
  </datafield>
  <datafield tag="500" ind1=" " ind2=" ">
    <subfield code="a">En que se resumen y exponen todas las Pragmaticas, Reales C&#xE9;dulas, Instrucciones, Ordenanzas, Reglamentos, Bandos y dem&#xE1;s Providencias aun no recopiladas que concuerdan, derogan &#xF3; declaran las antiguas Disposiciones, &#xF3; dan otras nuevas por la serie de su Promulgaci&#xF3;n, y la que corresponde &#xE1; los Titulos y Materias de que tratan donde van colocadas seg&#xFA;n el m&#xE9;todo de ducho Autor, y comprehende los postriores desde el a&#xF1;o de 1774 hasta el de 1790</subfield>
  </datafield>
  <datafield tag="500" ind1=" " ind2=" ">
    <subfield code="a">Tomo I Y IX de dicha librer&#xED;a, Dedicado al Excmo. Sr. Marques de Baxamar, &amp;c. Por Don Ram&#xF3;n Antonio de Higuera</subfield>
  </datafield>
  <datafield tag="500" ind1=" " ind2=" ">
    <subfield code="a">Estado f&#xED;sico: presenta encuadernaci&#xF3;n en pergamino</subfield>
  </datafield>
  <datafield tag="650" ind1="1" ind2="4">
    <subfield code="a">Jurisprudencia</subfield>
    <subfield code="y">Obras anteriores a 1800</subfield>
    <subfield code="z">Espa&#xF1;a</subfield>
    <subfield code="9">22138</subfield>
  </datafield>
  <datafield tag="902" ind1=" " ind2=" ">
    <subfield code="a">CFM</subfield>
  </datafield>
  <datafield tag="942" ind1=" " ind2=" ">
    <subfield code="2">lcc</subfield>
    <subfield code="c">B</subfield>
  </datafield>
  <datafield tag="999" ind1=" " ind2=" ">
    <subfield code="c">8549</subfield>
    <subfield code="d">8549</subfield>
  </datafield>
  <datafield tag="952" ind1=" " ind2=" ">
    <subfield code="0">0</subfield>
    <subfield code="1">0</subfield>
    <subfield code="4">0</subfield>
    <subfield code="7">0</subfield>
    <subfield code="a">BRCA</subfield>
    <subfield code="b">BRCA</subfield>
    <subfield code="d">2017-06-16</subfield>
    <subfield code="l">0</subfield>
    <subfield code="o">CO67 .M37 1779</subfield>
    <subfield code="p">CFM00221</subfield>
    <subfield code="r">2019-03-22 00:00:00</subfield>
    <subfield code="w">2019-03-22</subfield>
    <subfield code="y">B</subfield>
  </datafield>
</record>
